Titres des épisodes de Doctor Who (2005) en français - Statistiques

Statistiques générales
  • Ce quiz a été pris 210 fois
    177 depuis la dernière actualisation
  • Le résultat moyen est 36 sur 143
Statistiques - réponses
Saison - Épisode Nom % Correct
1-1 Rose
89%
5-1 Le Prisonnier zéro
60%
Épisode spécial 50 ans Le Jour du Docteur
59%
3-10 Les Anges pleureurs
56%
1-2 La Fin du monde
53%
Épisode de Noël L'Heure du Docteur
52%
1-6 Dalek
49%
5-12 La Pandorica s'ouvre, 1ère partie
49%
5-13 La Pandorica s'ouvre, 2ème partie
49%
7-13 Le Nom du Docteur
48%
5-10 Vincent et le Docteur
47%
2-13 Adieu Rose
42%
5-4 Le Labyrinthe des Anges, 1ère partie
42%
5-5 Le Labyrinthe des Anges, 2ème partie
42%
Épisode de Noël L'invasion de Noël
42%
5-2 La Bête des bas-fonds
40%
6-13 Le Mariage de River Song
40%
5-6 Les Vampires de Venise
40%
5-11 Le Colocataire
39%
3-11 Utopia
38%
1-13 À la croisée des chemins
37%
7-1 L'Asile des Daleks
37%
7-5 Les Anges prennent Manhattan
36%
Épisode de Noël Les Maris de River Song
36%
1-5 Troisième Guerre mondiale
36%
5-3 La Victoire des Daleks
34%
4-1 Le Retour de Donna Noble
34%
2-10 L.I.N.D.A.
33%
1-3 Des morts inassouvis
32%
4-6 La Fille du Docteur
32%
4-4 A.T.M.O.S., 1ère partie
31%
4-5 A.T.M.O.S., 2ème partie
31%
9-11 Descente au paradis
31%
1-10 Le Docteur danse
31%
1-12 Le Grand Méchant Loup
31%
10-1 Le Pilote
31%
9-12 Montée en enfer
31%
2-4 La Cheminée du temps
30%
Épisode spécial (Noël) La Prophétie de Noël
30%
5-8 La Révolte des intra-terrestres, 1ère partie
29%
5-9 La Révolte des intra-terrestres, 2ème partie
29%
4-11 Le Choix de Donna
29%
4-7 Agatha Christie mène l'enquête
28%
3-7 Brûle avec moi
28%
Épisode spécial (Noël) Cyber Noël
28%
3-8 La Famille de sang
28%
4-13 La Fin du voyage
28%
4-3 Le Chant des Oods
28%
9-10 Le Corbeau
28%
6-1 L'Impossible Astronaute, 1ère partie
28%
6-2 L'Impossible Astronaute, 2ème partie
28%
2-11 Londres 2012
28%
2-2 Un loup-garou royal
28%
6-8 Allons tuer Hitler
27%
8-1 En apnée
27%
6-7 La Retraite du démon
27%
4-12 La Terre volée
27%
5-7 Le Seigneur des Rêves
27%
Épisode de Noël Il était deux fois
26%
6-10 La Fille qui attendait
26%
2-8 La Planète du Diable, 1ère partie
26%
2-9 La Planète du Diable, 2ème partie
26%
Épisode de Noël Le Mariage de Noël
26%
Épisode de Noël Le Retour du Docteur Mysterio
26%
3-1 La Loi des Judoons
24%
3-13 Le Dernier Seigneur du temps
24%
3-12 Que tapent les tambours
24%
10-2 Souriez
24%
7-2 Des dinosaures dans l'espace
23%
Épisode de Noël La Dame de glace
23%
3-3 L'Embouteillage sans fin
23%
7-7 Les Anneaux d'Akhaten
23%
3-6 L'Expérience Lazarus
23%
7-4 L'Invasion des cubes
23%
2-3 L'École des retrouvailles
22%
2-7 L'Hystérique de l'étrange lucarne
22%
8-3 Robot des Bois
22%
8-2 Dans le ventre du Dalek
21%
1-11 L'Explosion de Cardiff
21%
Épisode spécial Planète Morte
21%
Épisode de Noël Une croisière autour de la Terre
21%
3-5 DGM : Dalek génétiquement modifié
20%
6-5 La Chair vivante, 1ère partie
20%
6-6 La Chair vivante, 2ème partie
20%
6-4 L'Âme du TARDIS
20%
7-12 Le Cyberplanificateur
20%
3-2 Peines d'amour gagnées
20%
6-9 Terreurs nocturnes
20%
6-12 Tournée d'adieux
20%
1-8 Fêtes des pères
19%
Épisode spécial La Conquête de Mars
19%
8-11 La Nécrosphère
19%
7-3 La Ville de la miséricorde
19%
6-11 Le Complexe divin
19%
2-5 Le Règne des Cybermen, 1ère partie
19%
2-6 Le Règne des Cybermen, 2ème partie
19%
3-9 Smith, la Montre et le Docteur
19%
4-10 Un passager de trop
19%
6-3 La Marque noire
18%
10-12 Le Docteur tombe
18%
Épisode de Noël Le Fantôme des Noëls passés
18%
10-4 Toc, Toc
18%
2-1 Une nouvelle Terre
18%
1-7 Un jeu interminable
18%
4-8 Bibliothèque des Ombres, 1ère partie
17%
4-9 Bibliothèque des Ombres, 2ème partie
17%
1-9 Drôle de mort
17%
10-6 Extremis
17%
2-12 L'Armée des ombres
17%
8-12 Mort au Paradis
17%
9-4 Avant l'inondation
16%
4-2 La Chute de Pompéi
16%
9-1 Le Magicien et son disciple
16%
8-10 Promenons-nous dans les bois...
16%
7-10 Voyage au centre du TARDIS
16%
10-3 La Foire des glaces
14%
7-11 Le Cauchemar écarlate
14%
8-6 Le Gardien
14%
1-4 L'Humanité en péril
14%
8-5 Braquage temporel
13%
7-8 Destruction mutuelle assurée
13%
7-6 Enfermés dans la toile
13%
8-8 La Momie de l'Orient-Express
13%
Épisode de Noël Le Docteur, la Veuve et la Forêt de Noël
13%
10-5 Oxygène
13%
9-7 Vérité ou Conséquences, 1ère partie
13%
9-8 Vérité ou Conséquences, 2ème partie
13%
Épisode de Noël Douce Nuit
12%
8-7 La Première Femme sur la Lune
12%
9-2 La Sorcière et son pantin
12%
10-8 La Terre du mensonge
12%
8-9 À plat
11%
9-3 Au fond du lac
11%
3-4 L'Expérience finale
11%
9-6 Une vie sans fin
11%
9-9 Dans les bras de Morphée
10%
9-5 La Fin d'une vie
10%
10-7 La Pyramide de la fin du monde
10%
7-9 Le Fantôme de Caliburn
10%
10-10 Les Mange-lumière
10%
10-11 L'Éternité devant soi
10%
10-9 L'Impératrice de Mars
10%
8-4 Jamais seul
8%
Aucun quiz correspondant
Distribution des résultats
% des personnes avec chaque résultat
Percentile par nombre de réponses
Votre historique - résultats
Vous n’avez pas pris ce quiz depuis la dernière actualisation